Is This on a Country Flag? Sudden Death - Statistics

General Stats
  • This quiz has been taken 6,877 times
    4,214 since last reset
  • The average score is 14 of 20
Answers on the Grid
Answers color-coded by a green-red scale on the quiz's grid according to % correct below.
Dragon
Rifle
Snake
Crescent
Key
Boat
Spear
Tree
Fire
Man
Crown
Temple
Cow
Sun
Rainbow
Arabic text
Star
Shape of the country
Latin text
Eagle
Woman
Tiger
Russian text
Rose
Footwear
Elephant
Dog
Crocodile
Chinese text
Cheese
Bear
Automobile
 
Answer Stats
Answer % Correct
Afghanistan, Saudi Arabia, Brunei... Arabic text
97%
Albania, Mexico... Eagle
87%
Agentina, Japan, Namibia, Taiwan... Sun
86%
Algeria, Pakistan... Crescent
85%
Liechtenstein, Montenegro... Crown
84%
Cyprus, Kosovo Shape of the country
83%
United States, Brazil... Star
83%
Bhutan, Malta Dragon
82%
Lebanon, Equatorial Guinea... Tree
80%
Mozambique, Guatemala Rifle
77%
Cambodia Temple
72%
Kenya, Eswatini... Spear
68%
Andorra, Belize, San Marino, Spain... Latin text
67%
Belize, Malta Man
64%
Vatican City Key
57%
Mexico Snake
57%
Mongolia Fire
53%
Belize, Ecuador Boat
42%
El Salvador, Nicaragua Rainbow
36%
Andorra, Moldova Cow
19%
No matching quizzes found
Score Distribution
Percent of People with Each Score
Percentile by Number Answered
Your Score History
You have not taken this quiz since the last reset